[Event "British Chess Championship 2010"]
[Site "Canterbury ENG"]
[Date "2010.08.05"]
[Round "10.6"]
[White "Houska, Jovanka"]
[Black "Griffiths, Ryan Rhys"]
[Result "1/2-1/2"]
[WhiteElo "2433"]
[BlackElo "2249"]
[PlyCount "95"]
[EventDate "2010.07.27"]
[EventType "swiss"]
[EventRounds "11"]
[EventCountry "ENG"]
[Source "lmi"]
[SourceDate "2010.07.25"]

1. d4 Nf6 2. Nf3 e6 3. c4 b6 4. g3 Ba6 5. b3 b5 6. cxb5 Bxb5 7. Bg2 d5 8. Nc3
Ba6 9. O-O Nbd7 10. Na4 Bb5 11. Nc3 Ba6 12. Re1 Bb4 13. Bd2 c5 14. a3 Bxc3 15.
Bxc3 Ne4 16. Bb2 c4 17. bxc4 Rb8 18. Qa4 Bxc4 19. Ne5 Rxb2 20. Bxe4 Bb5 21.
Qxa7 dxe4 22. Rab1 Rxb1 23. Rxb1 Nxe5 24. dxe5 O-O 25. Rxb5 Qd1+ 26. Kg2 Qxe2
27. Rb3 Qd1 28. Qe3 Qd5 29. Rb4 Qxe5 30. Qxe4 Qxe4+ 31. Rxe4 Ra8 32. a4 f5 33.
Rb4 e5 34. Kf3 Kf7 35. Ke3 Ke6 36. Kd3 e4+ 37. Kc3 Rd8 38. Rd4 Rc8+ 39. Rc4 Rd8
40. a5 Rd3+ 41. Kb4 Rd2 42. a6 Rxf2 43. Kb3 Rd2 44. Rc6+ Ke5 45. Rc5+ Ke6 46.
Rc6+ Ke5 47. Rc5+ Kf6 48. Rc6+ 1/2-1/2

[Event "British Chess Championship 2010"]
[Site "Canterbury ENG"]
[Date "2010.08.05"]
[Round "10.7"]
[White "Tymrakiewicz, Rafal"]
[Black "Greet, Andrew N"]
[Result "0-1"]
[WhiteElo "2301"]
[BlackElo "2451"]
[PlyCount "100"]
[EventDate "2010.07.27"]
[EventType "swiss"]
[EventRounds "11"]
[EventCountry "ENG"]
[Source "lmi"]
[SourceDate "2010.07.25"]

1. d4 Nf6 2. Nf3 e6 3. Bg5 h6 4. Bh4 d6 5. c4 g5 6. Bg3 Ne4 7. Qc2 Nxg3 8. hxg3
Bg7 9. e3 Nc6 10. Nc3 Bd7 11. a3 a6 12. Rd1 Ne7 13. Be2 c6 14. Ne4 Nc8 15. d5
Qa5+ 16. Kf1 cxd5 17. cxd5 exd5 18. Nexg5 Qa4 19. b3 Qc6 20. Qb1 hxg5 21. Rxh8+
Bxh8 22. Rc1 Bf5 23. Rxc6 Bxb1 24. Rc7 Bf6 25. Rxb7 Bf5 26. b4 Bd7 27. b5 axb5
28. Bxb5 Bxb5+ 29. Rxb5 Ne7 30. Rb3 Kd7 31. Nd2 Ke6 32. g4 Nc6 33. f4 Rb8 34.
Rxb8 Nxb8 35. g3 Na6 36. a4 Nc5 37. a5 Kd7 38. Kg2 Kc6 39. Nf3 Ne4 40. a6 Kb6
41. Ne1 Kxa6 42. Kf3 Kb5 43. Ng2 Kc4 44. Ne1 Bc3 45. Ng2 f6 46. Nh4 gxh4 47.
gxh4 Kd3 48. h5 Ng5+ 49. Kf2 Nf7 50. Kf3 Bd2 0-1

[Event "British Chess Championship 2010"]
[Site "Canterbury ENG"]
[Date "2010.08.05"]
[Round "10.8"]
[White "Littlewood, Paul E"]
[Black "Conquest, Stuart C"]
[Result "0-1"]
[WhiteElo "2361"]
[BlackElo "2523"]
[PlyCount "146"]
[EventDate "2010.07.27"]
[EventType "swiss"]
[EventRounds "11"]
[EventCountry "ENG"]
[Source "lmi"]
[SourceDate "2010.07.25"]

1. d4 Nf6 2. c4 c5 3. d5 g6 4. Nc3 Bg7 5. e4 d6 6. Bd3 O-O 7. Nge2 e6 8. O-O
exd5 9. exd5 Ng4 10. Ng3 f5 11. Be2 Ne5 12. f4 Nf7 13. Bf3 Nd7 14. Qc2 Nf6 15.
Be3 Bd7 16. h3 Ne8 17. Nce2 b5 18. cxb5 Bxb5 19. Bd2 Nc7 20. Rab1 a5 21. Bc3
Nh6 22. Rf2 Qh4 23. Nf1 Rf7 24. g3 Qe7 25. Bxg7 Rxg7 26. Nc3 Kh8 27. Be2 Be8
28. Qd2 Ng8 29. Re1 Qd8 30. Bc4 Nf6 31. Rfe2 Bd7 32. b3 h6 33. Kh2 Kh7 34. Re3
Qf8 35. Qe2 Re8 36. Rxe8 Bxe8 37. Qf3 Bd7 38. Re3 Qd8 39. Qe2 Bc8 40. Qd2 Bb7
41. Re2 Ba8 42. Ne3 Re7 43. Ng2 Ncxd5 44. Nxd5 Nxd5 45. Bxd5 Rxe2 46. Qxe2 Bxd5
47. Ne3 Qe7 48. Qd3 Ba8 49. Kg1 Qb7 50. g4 Qh1+ 51. Kf2 Be4 52. Qe2 Qh2+ 53.
Ke1 Qxf4 54. gxf5 gxf5 55. Nc4 Qc1+ 56. Qd1 Qc3+ 57. Qd2 Qg3+ 58. Qf2 Qg5 59.
Qe3 Qxe3+ 60. Nxe3 d5 61. Kf2 Kg6 62. Kg3 Kf6 63. Kf4 Ke6 64. Nd1 Kd6 65. h4
Bc2 66. Ne3 Bb1 67. a3 Ke6 68. Nd1 d4 69. Nb2 Bc2 70. Na4 c4 71. Nc5+ Kd5 72.
b4 axb4 73. axb4 c3 0-1

[Event "British Chess Championship 2010"]
[Site "Canterbury ENG"]
[Date "2010.08.05"]
[Round "10.9"]
[White "Gormally, Daniel W"]
[Black "Slavin, Alexei"]
[Result "0-1"]
[WhiteElo "2480"]
[BlackElo "2417"]
[PlyCount "81"]
[EventDate "2010.07.27"]
[EventType "swiss"]
[EventRounds "11"]
[EventCountry "ENG"]
[Source "lmi"]
[SourceDate "2010.07.25"]

1. e4 c5 2. Nc3 Nc6 3. Bb5 g6 4. Bxc6 bxc6 5. d3 Bg7 6. Nge2 d6 7. Be3 Rb8 8.
Rb1 Nh6 9. h3 f5 10. Qd2 Nf7 11. exf5 Bxf5 12. O-O e5 13. Ng3 Be6 14. b3 O-O
15. Nce4 Qd7 16. Kh2 h6 17. Rbe1 Kh7 18. f4 Rbe8 19. c3 exf4 20. Rxf4 Qd8 21.
Ref1 Nh8 22. c4 Rxf4 23. Bxf4 Nf7 24. Be3 Ne5 25. d4 cxd4 26. Bxd4 Qe7 27. Qf2
Rf8 28. Qb2 Rxf1 29. Nxf1 Bxh3 30. Kxh3 Nd3 31. Qd2 Qxe4 32. Bxg7 Kxg7 33. Ng3
Qd4 34. Qa5 Nf2+ 35. Kh2 Ng4+ 36. Kh3 Nf2+ 37. Kh2 Qh4+ 38. Kg1 Nh3+ 39. gxh3
Qxg3+ 40. Kf1 Qxh3+ 41. Kg1 0-1

[Event "British Chess Championship 2010"]
[Site "Canterbury ENG"]
[Date "2010.08.05"]
[Round "10.10"]
[White "Sugden, John N"]
[Black "Arkell, Keith C"]
[Result "0-1"]
[WhiteElo "2199"]
[BlackElo "2465"]
[PlyCount "80"]
[EventDate "2010.07.27"]
[EventType "swiss"]
[EventRounds "11"]
[EventCountry "ENG"]
[Source "lmi"]
[SourceDate "2010.07.25"]

1. e4 c6 2. Nc3 d5 3. Nf3 Bg4 4. h3 Bxf3 5. Qxf3 dxe4 6. Nxe4 Nd7 7. d4 Ndf6 8.
Nxf6+ Nxf6 9. c3 e6 10. Bd3 Be7 11. Bf4 O-O 12. O-O Qd5 13. Qxd5 Nxd5 14. Be5
Rfd8 15. Rad1 Bd6 16. Bxd6 Rxd6 17. g3 Rad8 18. Bc2 g5 19. Kg2 Kg7 20. Kf3 f5
21. Bb3 Kf6 22. Rfe1 h5 23. Bxd5 Rxd5 24. Re5 Rh8 25. Rxd5 cxd5 26. Rg1 g4+ 27.
hxg4 hxg4+ 28. Ke3 Kg5 29. b3 b5 30. Re1 Rh2 31. a4 bxa4 32. bxa4 f4+ 33. gxf4+
Kf5 34. Rb1 Rh3+ 35. Kd2 Rf3 36. Rb7 Rxf2+ 37. Ke1 Ra2 38. Rxa7 Ke4 39. Re7 g3
40. Rxe6+ Kf3 0-1

[Event "British Chess Championship 2010"]
[Site "Canterbury ENG"]
[Date "2010.08.05"]
[Round "10.11"]
[White "Haydon, David L"]
[Black "Summerscale, Aaron P"]
[Result "0-1"]
[WhiteElo "2187"]
[BlackElo "2428"]
[PlyCount "92"]
[EventDate "2010.07.27"]
[EventType "swiss"]
[EventRounds "11"]
[EventCountry "ENG"]
[Source "lmi"]
[SourceDate "2010.07.25"]

1. c4 e6 2. d4 Nf6 3. Nc3 d5 4. cxd5 exd5 5. Bf4 c5 6. e3 cxd4 7. Qxd4 Nc6 8.
Bb5 Be7 9. Nf3 O-O 10. Qa4 Qb6 11. O-O a6 12. Bxc6 bxc6 13. Be5 Be6 14. Nd4
Rac8 15. Nxe6 fxe6 16. Qd4 Qxd4 17. exd4 Nd7 18. Bg3 Bf6 19. Rad1 c5 20. Ne2
Rfe8 21. Rfe1 Kf7 22. b3 c4 23. h3 Rc6 24. Bf4 Rec8 25. Be3 c3 26. Rd3 a5 27.
Rc1 c2 28. Bd2 a4 29. Rc3 Rxc3 30. Bxc3 e5 31. dxe5 Bxe5 32. Bxe5 Nxe5 33. Nd4
axb3 34. axb3 Rc3 35. f4 Nc6 36. Rxc2 Nxd4 37. Rd2 Ne6 38. Rxd5 Rxb3 39. Kf2
Kf6 40. g3 g6 41. Ra5 h5 42. h4 Nd4 43. Ra6+ Kg7 44. Ra7+ Kh6 45. Ra5 Nf5 46.
Re5 Nxg3 0-1

[Event "British Chess Championship 2010"]
[Site "Canterbury ENG"]
[Date "2010.08.05"]
[Round "10.12"]
[White "Baker, Chris W"]
[Black "Spence, David J"]
[Result "1-0"]
[WhiteElo "2307"]
[BlackElo "2244"]
[PlyCount "57"]
[EventDate "2010.07.27"]
[EventType "swiss"]
[EventRounds "11"]
[EventCountry "ENG"]
[Source "lmi"]
[SourceDate "2010.07.25"]

1. e4 e6 2. Nf3 b6 3. d4 Bb7 4. Bd3 Nf6 5. Qe2 c5 6. c3 Be7 7. O-O Nc6 8. a3
cxd4 9. cxd4 d6 10. Nc3 Na5 11. Bf4 Rc8 12. Rac1 O-O 13. Nb5 Rxc1 14. Rxc1 Nh5
15. Be3 a6 16. Nc3 Nb3 17. Rd1 b5 18. Bxb5 Qa8 19. Ba4 Na5 20. d5 Rc8 21. dxe6
Nf6 22. exf7+ Kh8 23. Bg5 Nc4 24. Nd5 Nxd5 25. exd5 Bf8 26. Qe6 Nxb2 27. Nh4 h6
28. Ng6+ Kh7 29. Qf5 1-0

[Event "British Chess Championship 2010"]
[Site "Canterbury ENG"]
[Date "2010.08.05"]
[Round "10.13"]
[White "Jackson, James P"]
[Black "Constantinou, Peter"]
[Result "1/2-1/2"]
[WhiteElo "2135"]
[BlackElo "2302"]
[PlyCount "148"]
[EventDate "2010.07.27"]
[EventType "swiss"]
[EventRounds "11"]
[EventCountry "ENG"]
[Source "lmi"]
[SourceDate "2010.07.25"]

1. e4 d5 2. exd5 Qxd5 3. Nc3 Qa5 4. Bc4 Nf6 5. d3 c6 6. Bd2 Qc7 7. Qe2 e6 8.
Nf3 Be7 9. a4 Nbd7 10. O-O O-O 11. Rfe1 Nb6 12. Bb3 Nbd5 13. Ne5 Bd7 14. Qf3
Bd6 15. d4 Rfd8 16. Bg5 Be7 17. Rad1 Be8 18. Ne4 Nxe4 19. Bxe7 Nxe7 20. Qxe4
Ng6 21. f4 Ne7 22. g4 c5 23. f5 exf5 24. gxf5 cxd4 25. f6 gxf6 26. Ng4 Ng6 27.
Nxf6+ Kg7 28. Nd5 Qc5 29. Qf5 d3+ 30. Kf1 dxc2 31. Qxc2 Qxc2 32. Bxc2 Bc6 33.
Nc3 Rxd1 34. Rxd1 Re8 35. Re1 Rxe1+ 36. Kxe1 Ne5 37. Kf2 h6 38. b4 Ng4+ 39. Kg3
Ne3 40. Be4 Bxe4 41. Nxe4 Nd5 42. b5 b6 43. Nd6 Nc3 44. Nc8 Nxa4 45. Nxa7 Nc3
46. Nc8 Nd5 47. Nd6 Kg6 48. Kf3 f5 49. Nc4 Kg5 50. Nd6 h5 51. Kg3 h4+ 52. Kf3
Kf6 53. Nc4 Kg5 54. Nd6 Nc3 55. Nc4 Nxb5 56. Nxb6 Nd4+ 57. Ke3 Nc6 58. h3 Nd8
59. Nc4 Nf7 60. Kf3 Kf6 61. Kg2 Ng5 62. Nd6 Ke5 63. Nc8 Ke6 64. Kh2 Kf6 65. Kg2
Ne6 66. Kf3 Ke5 67. Ne7 Ng5+ 68. Kg2 Ke4 69. Ng6 Nf3 70. Kf2 f4 71. Kg2 Ke3 72.
Kh1 Nd4 73. Nxh4 Kf2 74. Ng6 f3 1/2-1/2

[Event "British Chess Championship 2010"]
[Site "Canterbury ENG"]
[Date "2010.08.05"]
[Round "10.15"]
[White "McMichael, Richard J"]
[Black "Makepeace, Philip J"]
[Result "1-0"]
[WhiteElo "2287"]
[BlackElo "2074"]
[PlyCount "97"]
[EventDate "2010.07.27"]
[EventType "swiss"]
[EventRounds "11"]
[EventCountry "ENG"]
[Source "lmi"]
[SourceDate "2010.07.25"]

1. d4 c5 2. e3 d5 3. Nf3 Nc6 4. Bd3 Bg4 5. c3 Nf6 6. Nbd2 e6 7. O-O c4 8. Bc2
b5 9. e4 Be7 10. Re1 O-O 11. Qe2 Re8 12. Qe3 dxe4 13. Ne5 Nxe5 14. dxe5 Nd5 15.
Qg3 h5 16. Nxe4 Bh4 17. Qxh4 Qxh4 18. Bg5 Qxg5 19. Nxg5 Nf4 20. g3 Nd3 21. Bxd3
cxd3 22. f3 Bf5 23. Ne4 Rad8 24. Nd6 Rxd6 25. exd6 Rd8 26. Kf2 Rxd6 27. Ke3 f6
28. Kd2 e5 29. a4 a6 30. axb5 axb5 31. Ra8+ Kf7 32. Rea1 Kg6 33. Rb8 Bh3 34.
Raa8 Bf1 35. Rd8 Rb6 36. Rab8 Ra6 37. Rxb5 Kf5 38. f4 Re6 39. fxe5 Kg4 40. Rd4+
Kf3 41. Rf4+ Kg2 42. exf6 Re2+ 43. Kd1 gxf6 44. Rbf5 Kxh2 45. Rxf1 Kxg3 46.
Rg1+ Kh4 47. Rh1+ Kg4 48. Rfxh5 Rxb2 49. R5h2 1-0

[Event "British Chess Championship 2010"]
[Site "Canterbury ENG"]
[Date "2010.08.05"]
[Round "10.17"]
[White "Ledger, Dave J"]
[Black "Adair, James"]
[Result "1-0"]
[WhiteElo "2233"]
[BlackElo "2205"]
[PlyCount "89"]
[EventDate "2010.07.27"]
[EventType "swiss"]
[EventRounds "11"]
[EventCountry "ENG"]
[Source "lmi"]
[SourceDate "2010.07.25"]

1. e4 c5 2. Nf3 d6 3. d4 cxd4 4. Nxd4 Nf6 5. Nc3 a6 6. Be3 e5 7. Nb3 Be6 8. f3
Nbd7 9. Qd2 h5 10. a4 Rc8 11. Be2 Be7 12. O-O Nb6 13. a5 Nc4 14. Bxc4 Rxc4 15.
Rfd1 Qc7 16. Qf2 O-O 17. Rd3 d5 18. exd5 Bf5 19. Bb6 Qd7 20. Rd2 Rfc8 21. Re1
Bd6 22. Rde2 e4 23. fxe4 Bxh2+ 24. Kh1 Bg6 25. Nd2 Rb4 26. g3 Ng4 27. Qf3 Rxb2
28. Nf1 Ne5 29. Qf4 Rxc3 30. Qxe5 Rcxc2 31. Rxh2 Qg4 32. Qb8+ Kh7 33. Qf4 Rxh2+
34. Nxh2 Qh3 35. Bf2 Rb4 36. Kg1 Qd7 37. Nf3 f6 38. Nh4 Rb5 39. Bb6 Qh3 40. d6
Rg5 41. Bf2 Rg4 42. Qf3 Qxh4 43. d7 f5 44. exf5 Bf7 45. Qxg4 1-0

[Event "British Chess Championship 2010"]
[Site "Canterbury ENG"]
[Date "2010.08.05"]
[Round "10.18"]
[White "Ynojosa-Aponte, Felix Jose"]
[Black "Jaunooby, Ali R"]
[Result "1-0"]
[WhiteElo "2224"]
[BlackElo "2155"]
[PlyCount "113"]
[EventDate "2010.07.27"]
[EventType "swiss"]
[EventRounds "11"]
[EventCountry "ENG"]
[Source "lmi"]
[SourceDate "2010.07.25"]

1. e4 d6 2. d4 Nf6 3. Bd3 c5 4. d5 c4 5. Bxc4 Nxe4 6. Nf3 Qa5+ 7. c3 b5 8. Be2
a6 9. a4 b4 10. O-O Bb7 11. c4 Nd7 12. Nbd2 Nec5 13. b3 g6 14. Bb2 Nf6 15. Re1
Bg7 16. Nd4 O-O 17. Qc2 e5 18. dxe6 fxe6 19. Bf3 Bxf3 20. N4xf3 Rae8 21. Bd4
Nh5 22. Bxg7 Kxg7 23. Ne4 Nf4 24. Qb2+ e5 25. Nxd6 Nfd3 26. Nxe8+ Rxe8 27. Qc2
Nxe1 28. Rxe1 Qc7 29. Ng5 a5 30. Ne4 Ne6 31. Ng3 Rd8 32. h4 Qd6 33. Qe4 Nc5 34.
Qg4 Qd3 35. Qg5 Kf7 36. Qxe5 Qd6 37. Qxd6 Rxd6 38. Ne4 Nxe4 39. Rxe4 Rd1+ 40.
Kh2 Rd2 41. Kg3 Kf6 42. Kf3 h5 43. Re2 Rd3+ 44. Re3 Rd2 45. Ke4 Ke6 46. Rf3 Rd1
47. Rd3 Rh1 48. Kd4 Rxh4+ 49. Kc5 Rf4 50. f3 h4 51. Kb6 Rf5 52. c5 Rg5 53. Rd2
Rg3 54. c6 h3 55. gxh3 Rxf3 56. c7 Rc3 57. Rd8 1-0

[Event "British Chess Championship 2010"]
[Site "Canterbury ENG"]
[Date "2010.08.05"]
[Round "10.19"]
[White "Shaw, Peter"]
[Black "Mason, Donald J"]
[Result "0-1"]
[WhiteElo "2173"]
[BlackElo "2219"]
[PlyCount "76"]
[EventDate "2010.07.27"]
[EventType "swiss"]
[EventRounds "11"]
[EventCountry "ENG"]
[Source "lmi"]
[SourceDate "2010.07.25"]

1. d4 Nf6 2. c4 c5 3. d5 e6 4. Nc3 exd5 5. cxd5 d6 6. Nf3 g6 7. Bf4 a6 8. a4
Bg7 9. h3 Qe7 10. Nd2 O-O 11. Nc4 Rd8 12. e3 Ne8 13. Bd3 Nd7 14. O-O Ne5 15.
Nxe5 dxe5 16. Bg3 Nd6 17. e4 Bd7 18. Qe2 f5 19. f3 f4 20. Bf2 Rac8 21. b3 g5
22. Rfc1 h5 23. a5 g4 24. hxg4 hxg4 25. Kf1 g3 26. Bg1 Kf7 27. Na4 Rh8 28. Ke1
Rh1 29. Kd2 Nb5 30. Bxc5 Rxc5 31. Rxh1 Nd4 32. Qd1 Rxa5 33. Rb1 Qb4+ 34. Kc1
Bxa4 35. bxa4 Rc5+ 36. Bc2 Qa3+ 37. Rb2 Nb3+ 38. Kb1 Qa1# 0-1

[Event "British Chess Championship 2010"]
[Site "Canterbury ENG"]
[Date "2010.08.05"]
[Round "10.20"]
[White "Jones, William E G"]
[Black "Rudd, Jack"]
[Result "0-1"]
[WhiteElo "2091"]
[BlackElo "2236"]
[PlyCount "52"]
[EventDate "2010.07.27"]
[EventType "swiss"]
[EventRounds "11"]
[EventCountry "ENG"]
[Source "lmi"]
[SourceDate "2010.07.25"]

1. e4 c5 2. Nf3 d6 3. d4 cxd4 4. Nxd4 Nf6 5. Nc3 a6 6. Be3 e6 7. g4 Nc6 8. g5
Nd7 9. h4 Qc7 10. Qh5 g6 11. Qe2 h6 12. O-O-O hxg5 13. h5 Nf6 14. Bxg5 Nxh5 15.
Qc4 Bd7 16. Nd5 Qa5 17. Nxc6 Bxc6 18. f4 Bg7 19. Nb4 Bb5 20. Qb3 Bxf1 21. Rhxf1
O-O 22. Be7 Rfc8 23. f5 Ng3 24. Qxg3 Qxb4 25. f6 Qxe4 26. Rd3 Qe2 0-1

[Event "British Chess Championship 2010"]
[Site "Canterbury ENG"]
[Date "2010.08.05"]
[Round "10.21"]
[White "Grant, David J"]
[Black "Snape, Ian L"]
[Result "1/2-1/2"]
[WhiteElo "2082"]
[BlackElo "2233"]
[PlyCount "61"]
[EventDate "2010.07.27"]
[EventType "swiss"]
[EventRounds "11"]
[EventCountry "ENG"]
[Source "lmi"]
[SourceDate "2010.07.25"]

1. e4 c5 2. Nf3 d6 3. d4 cxd4 4. Nxd4 Nf6 5. Nc3 g6 6. Be3 Bg7 7. f3 O-O 8. Qd2
Nc6 9. O-O-O d5 10. exd5 Nxd5 11. Nxc6 bxc6 12. Bd4 e5 13. Bc5 Be6 14. Ne4 Rb8
15. Bc4 f5 16. Ng5 e4 17. Bb3 Qf6 18. c3 Bh6 19. h4 Rfe8 20. fxe4 fxe4 21. Rde1
e3 22. Bxe3 Nxe3 23. Bxe6+ Rxe6 24. Rxe3 Rd6 25. Qe2 Bxg5 26. hxg5 Qxg5 27. Kb1
Qf5+ 28. Ka1 Rf8 29. a3 Rdf6 30. Re5 Qf4 31. Re4 1/2-1/2

[Event "British Chess Championship 2010"]
[Site "Canterbury ENG"]
[Date "2010.08.05"]
[Round "10.22"]
[White "Mackle, Dominic"]
[Black "Vrubl, Jaroslav"]
[Result "1-0"]
[WhiteElo "2021"]
[BlackElo "2210"]
[PlyCount "135"]
[EventDate "2010.07.27"]
[EventType "swiss"]
[EventRounds "11"]
[EventCountry "ENG"]
[Source "lmi"]
[SourceDate "2010.07.25"]

1. d4 d5 2. c4 e6 3. Nc3 Nf6 4. cxd5 exd5 5. Bg5 Be7 6. e3 c6 7. Bd3 O-O 8. Qc2
Nbd7 9. Nge2 Re8 10. O-O Nf8 11. f3 c5 12. Rad1 cxd4 13. Nxd4 h6 14. Bh4 Ne6
15. Nf5 Nc7 16. Nxe7+ Qxe7 17. Rfe1 Bd7 18. Bf5 Bc6 19. Kh1 Rad8 20. a3 g5 21.
Bg3 Nh5 22. Bf2 Ng7 23. Bh7+ Kh8 24. Ne2 Nce6 25. Nd4 Rc8 26. Nxc6 bxc6 27. Bd3
c5 28. Ba6 Rcd8 29. Bb5 Rf8 30. Bc6 Nc7 31. Bg3 Nge6 32. Qf5 f6 33. Ba4 Qh7 34.
Qxh7+ Kxh7 35. Rc1 Ne8 36. b4 c4 37. Red1 f5 38. Be5 Kg6 39. Bc6 N8c7 40. a4
Rf7 41. b5 Nc5 42. Rxc4 dxc4 43. Rxd8 Nxa4 44. Rd1 c3 45. Ra1 c2 46. Rc1 Re7
47. f4 Nc5 48. Rxc2 Nd3 49. Bxc7 gxf4 50. Bf3 fxe3 51. Be2 Rd7 52. Ba5 Rd5 53.
Bxd3 Rxd3 54. g3 Rb3 55. Bc7 Rxb5 56. Bf4 Rb1+ 57. Kg2 a5 58. Bxe3 a4 59. Rc6+
Kf7 60. Ra6 Rb4 61. Bxh6 Rc4 62. h4 Rb4 63. Kf3 Rc4 64. Be3 Rb4 65. h5 Kg7 66.
h6+ Kh7 67. Ra7+ Kh8 68. Bg5 1-0

[Event "British Chess Championship 2010"]
[Site "Canterbury ENG"]
[Date "2010.08.05"]
[Round "10.23"]
[White "Galliano, Alexander"]
[Black "Maciol, Ryszard"]
[Result "1/2-1/2"]
[WhiteElo "2085"]
[BlackElo "2239"]
[PlyCount "61"]
[EventDate "2010.07.27"]
[EventType "swiss"]
[EventRounds "11"]
[EventCountry "ENG"]
[Source "lmi"]
[SourceDate "2010.07.25"]

1. e4 e6 2. d4 d5 3. Nc3 Nf6 4. e5 Nfd7 5. f4 c5 6. Nf3 Nc6 7. Be3 a6 8. Qd2 b5
9. dxc5 Bxc5 10. Bxc5 Nxc5 11. Qf2 Qb6 12. b4 Nd7 13. a4 Nxb4 14. axb5 O-O 15.
Qxb6 Nxb6 16. Nd4 axb5 17. Rxa8 Nxa8 18. Bxb5 Nc7 19. Kd2 Ba6 20. Rb1 Nxb5 21.
Ncxb5 Bxb5 22. Rxb4 Bf1 23. g3 Bh3 24. Rb7 h5 25. Nc6 Kh7 26. Rb8 Rxb8 27. Nxb8
Kg6 28. Nc6 h4 29. Ke3 hxg3 30. hxg3 Kh5 31. Nd4 1/2-1/2

[Event "British Chess Championship 2010"]
[Site "Canterbury ENG"]
[Date "2010.08.05"]
[Round "10.24"]
[White "Goodger, Martyn"]
[Black "Addison, Bret C"]
[Result "0-1"]
[WhiteElo "2123"]
[BlackElo "2235"]
[PlyCount "104"]
[EventDate "2010.07.27"]
[EventType "swiss"]
[EventRounds "11"]
[EventCountry "ENG"]
[Source "lmi"]
[SourceDate "2010.07.25"]

1. e4 e5 2. Nf3 Nc6 3. d4 exd4 4. Nxd4 Nf6 5. Nxc6 bxc6 6. e5 Qe7 7. Qe2 Nd5 8.
c4 Nb6 9. Nc3 Qe6 10. Qe4 g6 11. Bd3 Bg7 12. f4 O-O 13. O-O Ba6 14. c5 Bxd3 15.
Qxd3 Nd5 16. Bd2 f6 17. exf6 Bxf6 18. Rae1 Qf5 19. Qxf5 gxf5 20. Nxd5 cxd5 21.
Bc3 Rab8 22. Be5 Bxe5 23. Rxe5 c6 24. b3 Rb5 25. Rf3 Rxc5 26. Rg3+ Kh8 27. Re7
Rc1+ 28. Kf2 Rc2+ 29. Kf1 Rg8 30. Rxg8+ Kxg8 31. a4 a5 32. Rxd7 Rc3 33. Ra7
Rxb3 34. Rxa5 Rb4 35. g3 Kf7 36. Ra7+ Ke6 37. Rxh7 d4 38. a5 Ra4 39. Rh6+ Kd5
40. Rf6 c5 41. Rxf5+ Kc4 42. Re5 Rxa5 43. f5 d3 44. f6 Ra1+ 45. Kg2 d2 46. f7
Ra8 47. Re8 d1=Q 48. f8=Q Qd5+ 49. Kf2 Qd2+ 50. Kf3 Qd1+ 51. Kg2 Ra2+ 52. Kh3
Qh5# 0-1

[Event "British Chess Championship 2010"]
[Site "Canterbury ENG"]
[Date "2010.08.05"]
[Round "10.25"]
[White "Ball, Laurence"]
[Black "Cumbers, Paul"]
[Result "0-1"]
[WhiteElo "2106"]
[BlackElo "2218"]
[PlyCount "104"]
[EventDate "2010.07.27"]
[EventType "swiss"]
[EventRounds "11"]
[EventCountry "ENG"]
[Source "lmi"]
[SourceDate "2010.07.25"]

1. e4 e6 2. d4 d5 3. Nc3 Nf6 4. e5 Nfd7 5. Qg4 c5 6. dxc5 Nxe5 7. Qg3 Ng6 8.
Nb5 e5 9. h4 h5 10. Bd3 Nc6 11. Bg5 Qd7 12. Bxg6 fxg6 13. O-O-O Kf7 14. Qf3+
Qf5 15. Nc7 Rb8 16. Qxd5+ Be6 17. Nxe6 Qxe6 18. Qxe6+ Kxe6 19. Be3 Be7 20. Nf3
Rhd8 21. c3 a5 22. b3 Kf5 23. a3 Ra8 24. Rxd8 Rxd8 25. Kc2 Rd5 26. b4 a4 27. g3
Rd8 28. Rd1 Rxd1 29. Kxd1 Bf6 30. Ke2 Ne7 31. c4 Nc6 32. Nd2 e4 33. Kd1 Bb2 34.
b5 Ne5 35. Kc2 Bxa3 36. Kc3 Nd3 37. Nb1 Bb4+ 38. Kd4 Bxc5+ 39. Kd5 Bxe3 40.
fxe3 Nb4+ 41. Kc5 Nc2 42. Kb6 Nxe3 43. c5 Nc4+ 44. Kxb7 e3 45. Nc3 a3 46. b6 a2
47. Nxa2 e2 48. c6 e1=Q 49. c7 Nd6+ 50. Kc6 Ke6 51. c8=Q+ Nxc8 52. b7 Ne7+ 0-1

[Event "British Chess Championship 2010"]
[Site "Canterbury ENG"]
[Date "2010.08.05"]
[Round "10.26"]
[White "Salimbeni, George P W"]
[Black "Senior, Gary"]
[Result "1/2-1/2"]
[WhiteElo "2164"]
[BlackElo "2069"]
[PlyCount "170"]
[EventDate "2010.07.27"]
[EventType "swiss"]
[EventRounds "11"]
[EventCountry "ENG"]
[Source "lmi"]
[SourceDate "2010.07.25"]

1. e4 c5 2. Nf3 Nc6 3. Bb5 e6 4. O-O Nge7 5. b3 a6 6. Bxc6 Nxc6 7. Bb2 f6 8.
Nh4 Qe7 9. f4 Qf7 10. Nc3 b5 11. f5 Bd6 12. fxe6 dxe6 13. Nf3 Qh5 14. h3 Ne5
15. a4 b4 16. Ne2 Nxf3+ 17. Rxf3 Bb7 18. Nf4 Bxf4 19. Rxf4 Qxd1+ 20. Rxd1 e5
21. Rg4 Rg8 22. d3 O-O-O 23. Rf1 Kb8 24. Rh4 Rh8 25. Rg4 Rhg8 26. Rg3 Bc8 27.
Rgf3 Be6 28. Bc1 Kc7 29. Be3 Kd6 30. g4 h6 31. Rg3 Rdf8 32. h4 g5 33. hxg5 hxg5
34. Rh3 Bxg4 35. Rh6 Be6 36. Rfxf6 Rxf6 37. Rxf6 Re8 38. Rg6 g4 39. Bf2 Re7 40.
Bh4 Re8 41. Bf6 Rg8 42. Bg7 Ke7 43. Bf6+ Kd6 44. Rh6 Re8 45. Rh5 Bd7 46. Rg5
Bc8 47. Kg2 Bd7 48. Kg3 Bc8 49. Bg7 Bd7 50. Kh4 Bc8 51. Kh5 Bd7 52. Kg6 Re6+
53. Kf7 Be8+ 54. Kf8 Bd7 55. Kg8 Re8+ 56. Bf8+ Kc6 57. Rg6+ Be6+ 58. Kg7 Kd7
59. Rg5 g3 60. Rxg3 Kc6 61. Rg6 Kd7 62. Rg5 Rc8 63. Rxe5 Bg4 64. Rg5 Bd1 65.
Rg2 Ke6 66. Rf2 Ke5 67. Kf7 Rc7+ 68. Kg6 Rc6+ 69. Kg5 Rc7 70. Kh6 Kd4 71. Bg7+
Ke3 72. Rh2 Rf7 73. e5 Rf2 74. Rxf2 Kxf2 75. e6 Bg4 76. e7 Bd7 77. Be5 Ke2 78.
Bd6 Kd2 79. Bxc5 Kxc2 80. Bxb4 Kxb3 81. Be1 Kc2 82. d4 Kd3 83. Bf2 Bxa4 84. Kg7
Ke4 85. Kf7 Kd5 1/2-1/2

[Event "British Chess Championship 2010"]
[Site "Canterbury ENG"]
[Date "2010.08.05"]
[Round "10.27"]
[White "Jameson, David"]
[Black "Padilla Cabero, Pablo"]
[Result "1/2-1/2"]
[WhiteElo "2047"]
[BlackElo "2149"]
[PlyCount "134"]
[EventDate "2010.07.27"]
[EventType "swiss"]
[EventRounds "11"]
[EventCountry "ENG"]
[Source "lmi"]
[SourceDate "2010.07.25"]

1. e4 Nf6 2. Nc3 e5 3. Bc4 Nxe4 4. Qh5 Nd6 5. Bb3 Be7 6. Nf3 Nc6 7. Nxe5 g6 8.
Nxc6 dxc6 9. Qf3 O-O 10. O-O Nf5 11. d3 Nd4 12. Qd1 b5 13. Be3 a5 14. Re1 Bb4
15. Bh6 Re8 16. Rxe8+ Qxe8 17. Ne4 Be7 18. c3 Nxb3 19. Qxb3 Be6 20. Qc2 f6 21.
Be3 a4 22. a3 Qf8 23. Re1 Re8 24. Qd2 Bd5 25. Bh6 Qf7 26. Bf4 Bd8 27. f3 g5 28.
Be3 h6 29. Bd4 Kg7 30. Qf2 Kg6 31. Re2 f5 32. Nd2 Rxe2 33. Qxe2 Be7 34. c4 Be6
35. cxb5 cxb5 36. Kf2 c5 37. Be5 Bd5 38. Nb1 b4 39. d4 Bc4 40. Qe3 Qd5 41. Bh8
Kf7 42. g3 Ba2 43. Qd3 cxd4 44. axb4 Bxb4 45. Nd2 Be7 46. Qa6 a3 47. bxa3 d3
48. Qxh6 Qc5+ 49. Kg2 Qc2 50. Qg7+ Ke8 51. Qb2 Bxa3 52. Qxa3 Qxd2+ 53. Kh3 g4+
54. fxg4 Qh6+ 55. Kg2 Bd5+ 56. Kf1 d2 57. Qa4+ Bc6 58. Qd4 Qh3+ 59. Ke2 Qxh2+
60. Ke3 Qh6+ 61. Ke2 Bb5+ 62. Kd1 fxg4 63. Qe5+ Kf7 64. Qxb5 Qxh8 65. Qd7+ Kf8
66. Qxg4 Qc3 67. Qf4+ Kg8 1/2-1/2